| 000 | | | 06959cbc2a2200433 x 450 |
| 001 | | | 121010f7-9024-4569-a5ac-1e9cc26beebb |
| 005 | | | 20170419143516.0 |
| 100 | ## | $a | 20130626l18421846k##a0rusy0189 ca |
| 101 | 0# | $a | rus |
| 102 | ## | $a | RU |
| 105 | ## | $a | y###z###||||| |
| 122 | 2# | $a | d18420908## |
| | $a | d18460331## |
| 200 | 1# | $a | По предложениям грузинского помещика Князя Амату об оставлении торговых сношений с Персией |
| | $j | 8 сентября 1842 г. - 31 марта 1846 г. |
| 215 | ## | $a | 149 листов |
| 225 | 0# | $a | Фонд Кавказского комитета |
| | $h | Опись № 1 |
| 300 | ## | $a | Рукописный текст. Чернила |
| 300 | ## | $a | Оригинальный заголовок дела: Дело Временного отделения Собственной Его Императорского Величества канцелярии. По предположениям князя Аматуни, об установлении торговых сношений наших с Персиею : 8 сентября 1842 г. - 31 марта 1846 г. |
| 330 | ## | $a | Дело содержит многочисленные документы, характеризующие развитие российско-иранских торговых взаимоотношений |
| 517 | 1# | $a | Дело Временного отделения Собственной Его Императорского Величества канцелярии. По предположениям князя Аматуни, об установлении торговых сношений наших с Персиею |
| | $e | 8 сентября 1842 г. - 31 марта 1846 г. |
| 605 | ## | $2 | acquisition_Prlib |
| | $3 | DITM\AF\0000004675 |
| | $a | Территория |
| | $l | коллекция |
| 605 | ## | $2 | acquisition_Prlib |
| | $3 | LIBNET\UAF\0000019082 |
| | $a | Развитие внешней торговли России: история и современное состояние |
| | $l | коллекция |
| 605 | ## | $a | Российское государство и экономика |
| | $l | коллекция |
| | $2 | acquisition_Prlib |
| | $3 | LIBNET\UAF\0000066520 |
| 605 | ## | $2 | acquisition_Prlib |
| | $3 | DITM\AF\0000002775 |
| | $a | Власть |
| | $l | коллекция |
| 606 | 1# | $2 | nlr_sh |
| | $3 | RU\NLR\AUTH\66212866 |
| | $a | Внешняя торговля |
| | $y | Россия |
| | $z | 19 в. |
| | $j | Документы и материалы |
| 607 | ## | $2 | prlib_sh |
| | $3 | LIBNET\UAF\0000019887 |
| | $a | Иран |
| | $x | Внешняя торговля |
| | $y | Россия |
| | $z | 19 в. |
| | $j | Документы и материалы |
| 607 | ## | $2 | prlib_sh |
| | $3 | LIBNET\UAF\0000019886 |
| | $a | Россия |
| | $x | Внешняя торговля |
| | $y | Иран |
| | $z | 19 в. |
| | $j | Документы и материалы |
| 617 | ## | $a | Иран |
| | $2 | prlib_sh |
| 686 | ## | $a | 63.3(2)521.2-64(5Ирн)5ю1 |
| | $v | LBC/M |
| | $2 | rubbk |
| 686 | ## | $a | 65.428(2)ю1 |
| | $v | LBC/M |
| | $2 | rubbk |
| 686 | ## | $a | 65.03(2)52ю1 |
| | $v | LBC/M |
| | $2 | rubbk |
| 801 | #0 | $a | RU |
| | $b | ПБ им. Б.Н. Ельцина |
| | $c | 20130626 |
| 801 | #1 | $a | RU |
| | $b | ПБ им. Б.Н. Ельцина |
| | $c | 20130626 |
| | $2 | rusmarc |
| 801 | #2 | $a | RU |
| | $b | ПБ им. Б.Н. Ельцина |
| | $c | 20130802 |
| | $g | RCR |
| | $2 | rusmarc |
| 850 | ## | $a | Федеральное казенное учреждение "Российский государственный исторический архив" |
| 852 | ## | $a | РГИА |
| | $j | 320 |
| 035 | ## | $a | LIBNET\0000355105 |
| 937 | ## | $d | 30854879 |
| | $h | РГИА |
| 856 | 4# | $u | http://www.prlib.ru/Lib/pages/item.aspx?itemid=92528 |
| 251 | ## | $c | Дело |
| 461 | #0 | $1 | 0011145c710-29ff-45d8-a749-d9517cf99d7d |
| | $1 | 2001 |
| | $a | Кавказский комитет |
| | $1 | 251 |
| | $c | Фонд |
| | $1 | 852 |
| | $j | 1268 |
| 462 | #0 | $1 | 001508bc521-aca1-44c5-a56a-5f8d317a0ce9 |
| | $1 | 2001 |
| | $a | 1833-1845 гг. |
| | $v | Д. 320 |
| | $1 | 251 |
| | $c | Опись |
| | $1 | 852 |
| | $j | 1 |